| 000 | 00821nam a22002177a 4500 | ||
|---|---|---|---|
| 999 |
_c18023 _d18023 |
||
| 003 | AR-CdUCM | ||
| 008 | 190511b ||||| |||| 00| 0 spa d | ||
| 040 |
_aMUNICIPALIDAD PROVINCIAL DEL CUSCO _cBIBLIOTECA MUNICIPAL DEL CUSCO |
||
| 082 |
_a330 / _bSO72 |
||
| 100 |
_aSoule, George _936340 |
||
| 245 | _aAprende VD. a economizar / | ||
| 260 |
_aBuenos Aires : _bPlaza & Janes, _c1963. |
||
| 300 |
_a154 páginas ; _c18.5 cm. |
||
| 505 | _aContenido: Economía significa administración de la casa -- Trueque, compra y venta -- ¿Que es el dinero? -- Mas cosas en menos tiempo -- Ingreso y gasto -- Maneras de ahorrar ... | ||
| 650 |
_aEconomía _9382 |
||
| 650 |
_aEl hogar _935146 |
||
| 650 |
_aNegocios _9825 |
||
| 700 |
_aBarberá, Manuel (traducción) _927355 |
||
| 942 |
_2ddc _cLIBROS |
||
| 945 |
_aachl _d2019-05-11 |
||